| 000 | 01118nam a2200313 i 4500 | ||
|---|---|---|---|
| 001 | 186263 | ||
| 003 | SpMaBN | ||
| 005 | 20250825062635.0 | ||
| 008 | 160929s2012 sp a |||| | spa d | ||
| 020 | _z978-84-7960-497-2 | ||
| 080 | _a087.5:55 | ||
| 100 | 1 |
_aNavarro García, José B. _9161007 |
|
| 245 | 1 | 3 |
_aLa enorme pequeñez de la abuela Tierra / _cJosé B. Navarro García ; ilustraciones de Amparo Navarro García. |
| 250 | _a3ª ed. | ||
| 260 |
_aMadrid : _bEdiciones de la Torre, _c2012. |
||
| 300 |
_a125 p. : _bil. col. ; _c21 cm. |
||
| 490 | 1 |
_aAlba y mayo. _aCiencia ; _v1 |
|
| 490 | 1 |
_aEdiciones de la Torre ; _v257 |
|
| 504 | _aBibliografía: p. [125] | ||
| 650 | 7 |
_aCiencias naturales- _vLibros infantiles. _9161008 |
|
| 650 | 4 |
_aTierra (Planeta) _9178412 |
|
| 655 | 7 |
_aLibros infantiles _2tgfbne _9226786 |
|
| 700 | 1 |
_aNavarro García, Amparo. _9161009 |
|
| 830 | 0 |
_aAlba y mayo. _aCiencia ; _v1 _9192507 |
|
| 830 | 0 |
_aEdiciones de la Torre ; _v257 _9192503 |
|
| 852 |
_aES-MaACL _jA-13871 _9193318 _bR.151227 _cDEPO1 _dOlim: N-6871 |
||
| 942 |
_2udc _cMONOGRAFIA |
||
| 999 |
_c186263 _d186263 |
||